| 000 | 00000nam##2200000za#4500 |
| 001 | 9.666125 |
| 003 | CaOODSP |
| 005 | 20210615122641 |
| 007 | ta |
| 008 | 150407|2005||||xxc||||| f|0| 0 iku|d |
| 020 | |a0-662-68679-9 |
| 040 | |aCaOODSP|beng |
| 041 | 7|aiku |
| 041 | 7|aiku |
| 041 | |aeng |
| 041 | |afre |
| 043 | |an-cn--- |
| 086 | 1 |aR2-371/2005 |
| 110 | 1 |aCanada.|bIndian and Northern Affairs. |bNunavut Regional Office. |
| 245 | 14|aThe land - ours to use wisely : |bactivity and colouring book |
| 260 | |aIqaluit - Nunavut : |bIndian and Northern Affairs. |c2005. |
| 300 | |a[20]p. : |billus. ; |c28 cm. |
| 520 | 3 |aThis colouring book tells the story of two children as they follow their Grandfather through the environmental review process when a mining company plans to open a mine near Grandfather’s summer camp. |
| 546 | |aText in English, French, Inuktitut and Inuinaqtuin. |
| 563 | |aSoftcover |
| 590 | |a05-10|b2005-03-11 |
| 690 | 07|aEnvironmental impact assessment|2gcpds |
| 690 | 07|aEnvironmental protection|2gcpds |
| 776 | 0#|tLa terre - il faut l'utiliser intelligement : |w(CaOODSP)9.675006 |
| 792 | |tLa terre - il faut l'utiliser intelligement : |efre|w(CaOODSP)9.666126 |
| 986 | |aQS-8628-010-HI-AEF-A1 |